| 000 | 00515nam a22001817a 4500 | ||
|---|---|---|---|
| 003 | CEME | ||
| 005 | 20210628202940.0 | ||
| 008 | 210127b xxu||||| |||| 00| 0 eng d | ||
| 020 | _a0-7506-7609-4 | ||
| 040 | _c. | ||
| 082 | _a621.3815 EDW | ||
| 100 |
_aEdwards, Lewin A.R.W _962503 |
||
| 245 | _aEmbedded system design on a shoestring;achieving high performance with a limited budget | ||
| 260 |
_aNEW YORK _bNEWNESS _c2003 |
||
| 300 | _aIX,231P | ||
| 650 |
_aEMBEDDED SYSTEM DESIGN _962504 |
||
| 942 |
_cBK _2ddc |
||
| 999 |
_c571594 _d571594 |
||